[Event "Reykjavik Open 2016"]
[Site "Reykjavik ISL"]
[Date "2016.03.13"]
[Round "7.2"]
[White "Jones, Gawain C B"]
[Black "Bromberger, Stefan"]
[Result "1/2-1/2"]
[WhiteTitle "GM"]
[BlackTitle "GM"]
[WhiteElo "2645"]
[BlackElo "2532"]
[WhiteFideId "409561"]
[BlackFideId "4635248"]
[EventDate "2016.03.08"]

1. c4 e5 2. Nc3 Nf6 3. Nf3 Nc6 4. g3 d5 5. cxd5 Nxd5 6. Bg2 Nb6 7. Rb1 a5 8. O-O
Be7 9. d3 O-O 10. Be3 Be6 11. d4 exd4 12. Nxd4 Nxd4 13. Qxd4 Nc4 14. Bxb7 Rb8
15. Bd5 Nxe3 16. Qxe3 Bxd5 17. Nxd5 Qxd5 18. Qxe7 Qxa2 19. Qxc7 Rxb2 20. Ra1 Qe6
21. e3 Ra2 22. Rxa2 Qxa2 23. Qe5 Qd2 24. Ra1 Ra8 25. Kg2 g6 26. Ra4 Qd8 27. h3
h5 28. Qb5 Kg7 29. Rf4 Ra7 30. Kh2 Rd7 31. Qb3 Qc7 32. Qb2+ Kg8 33. Re4 Re7 34.
Ra4 Re5 35. Rd4 Kh7 36. Qd2 Rf5 37. e4 Rf6 38. Kg2 Qe5 39. f4 Qc7 40. Rd7 Qc4
41. Rd4 Qc7 42. Rd7 Qc4 1/2-1/2

[Event "Reykjavik Open 2016"]
[Site "Reykjavik ISL"]
[Date "2016.03.13"]
[Round "7.3"]
[White "Shabalov, Alexander"]
[Black "Gupta, Abhijeet"]
[Result "0-1"]
[WhiteTitle "GM"]
[BlackTitle "GM"]
[WhiteElo "2520"]
[BlackElo "2634"]
[WhiteFideId "2008572"]
[BlackFideId "5010608"]
[EventDate "2016.03.08"]

1. e4 e5 2. Nf3 Nc6 3. Bb5 Nf6 4. d3 Bc5 5. c3 O-O 6. O-O Re8 7. Bg5 h6 8. Bh4
Be7 9. Nbd2 d6 10. Re1 Bd7 11. a4 g5 12. Bg3 g4 13. Nh4 Nxe4 14. dxe4 Bxh4 15.
Bxh4 Qxh4 16. a5 a6 17. Bc4 Kg7 18. Nf1 Ne7 19. Ne3 Rf8 20. Bf1 Be6 21. c4 Nc6
22. Nf5+ Bxf5 23. exf5 Qg5 24. Ra3 h5 25. h3 Kf6 26. Rg3 Rg8 27. Bd3 Nd4 28. Be4
Qf4 29. Ree3 c6 30. Bb1 d5 31. cxd5 cxd5 32. Re1 Rac8 33. Rge3 Nf3+ 0-1

[Event "Reykjavik Open 2016"]
[Site "Reykjavik ISL"]
[Date "2016.03.13"]
[Round "7.4"]
[White "Beliavsky, Alexander G"]
[Black "Petrov, Nikita"]
[Result "1/2-1/2"]
[WhiteTitle "GM"]
[BlackTitle "IM"]
[WhiteElo "2630"]
[BlackElo "2464"]
[WhiteFideId "14602377"]
[BlackFideId "4101286"]
[EventDate "2016.03.08"]

1. d4 Nf6 2. c4 c6 3. Nf3 d5 4. Nc3 dxc4 5. a4 Bf5 6. Ne5 Nbd7 7. Nxc4 Nb6 8.
Ne5 a5 9. h4 e6 10. f3 Be7 11. e4 Nh5 12. Be3 Ng3 13. Rh2 f6 14. Nd3 Bg6 15. Qb3
e5 16. d5 Nxd5 17. Nxd5 cxd5 18. Nc5 Nxf1 19. Qb5+ Kf7 20. Kxf1 dxe4 21. Qb3+
Ke8 22. Qb5+ Kf7 23. Qb3+ Ke8 24. Qb5+ Kf7 25. Qb3+ Ke8 1/2-1/2

[Event "Reykjavik Open 2016"]
[Site "Reykjavik ISL"]
[Date "2016.03.13"]
[Round "7.5"]
[White "Tania, Sachdev"]
[Black "Andreikin, Dmitry"]
[Result "1/2-1/2"]
[WhiteTitle "IM"]
[BlackTitle "GM"]
[WhiteElo "2370"]
[BlackElo "2732"]
[WhiteFideId "5007844"]
[BlackFideId "4158814"]
[EventDate "2016.03.08"]

1. d4 e6 2. c4 Nf6 3. Nf3 d5 4. Nc3 c6 5. g3 Nbd7 6. Bg2 Be7 7. O-O O-O 8. b3 b6
9. Qd3 a5 10. e4 Ba6 11. e5 Ne8 12. a4 Nc7 13. Rd1 Rb8 14. Bf1 c5 15. Ba3 f6 16.
exf6 Bxf6 17. Bg2 Bb7 18. cxd5 exd5 19. Rac1 Kh8 20. Nb5 Nxb5 21. Qxb5 Qc8 22.
Qe2 Qc7 23. Re1 Rbc8 24. Qd2 Rfe8 25. Rxe8+ Rxe8 26. Re1 Re4 27. dxc5 Nxc5 28.
Rc1 Qe7 29. Bxc5 bxc5 30. Qxa5 c4 31. bxc4 dxc4 32. Qb6 c3 33. a5 Re6 34. Qa7 g6
35. h4 Ba6 36. Qxe7 Rxe7 37. Bf1 Ra7 38. Bxa6 Rxa6 39. Ng5 Bxg5 40. hxg5 Rxa5
41. Rxc3 1/2-1/2

[Event "Reykjavik Open 2016"]
[Site "Reykjavik ISL"]
[Date "2016.03.13"]
[Round "7.6"]
[White "Ly, Moulthun"]
[Black "Mamedyarov, Shakhriyar"]
[Result "0-1"]
[WhiteTitle "IM"]
[BlackTitle "GM"]
[WhiteElo "2500"]
[BlackElo "2747"]
[WhiteFideId "3204405"]
[BlackFideId "13401319"]
[EventDate "2016.03.08"]

1. e4 d6 2. d4 Nf6 3. Nc3 g6 4. h3 Bg7 5. Be3 O-O 6. Nf3 Na6 7. Bd3 c5 8. O-O
cxd4 9. Bxd4 b6 10. Re1 Nc5 11. Nd5 e6 12. Nxf6+ Bxf6 13. b4 Nxd3 14. Qxd3 e5
15. Bb2 Be6 16. Red1 Qc8 17. Rac1 Rd8 18. c4 Qb7 19. Rc2 Rac8 20. Rdc1 Be7 21.
Qe3 f6 22. Nd2 Bf8 23. Nf1 Qf7 24. Qe2 Bh6 25. Ne3 Qb7 26. Qd3 Kg7 27. Rc3 Qf7
28. R1c2 Bxe3 29. fxe3 g5 30. Ba3 Qb7 31. b5 Rd7 32. Bxd6 Rcd8 33. c5 Qa8 34.
Qe2 Qxe4 35. Kh2 h5 36. Qf2 Kg6 37. h4 g4 38. cxb6 Rxd6 39. bxa7 Qa4 40. Rc7
Qxb5 41. Rc8 Bd5 42. R2c5 Qd7 43. Qc2+ Kh6 44. Kg3 Rxc8 45. Rxc8 f5 46. Rh8+ Kg7
47. Rxh5 Rf6 48. Rg5+ Kh6 49. Qb2 f4+ 50. exf4 exf4+ 51. Kh2 g3+ 52. Kg1 Qxa7+
53. Kh1 Qb6 54. Qa1 Be4 55. Rb5 Qc6 56. Qb2 Bxg2+ 57. Kg1 Be4 58. a4 Qd6 0-1

[Event "Reykjavik Open 2016"]
[Site "Reykjavik ISL"]
[Date "2016.03.13"]
[Round "7.7"]
[White "Rapport, Richard"]
[Black "Danielsen, Henrik"]
[Result "1-0"]
[WhiteTitle "GM"]
[BlackTitle "GM"]
[WhiteElo "2720"]
[BlackElo "2488"]
[WhiteFideId "738590"]
[BlackFideId "1400185"]
[EventDate "2016.03.08"]

1. d4 d6 2. Nc3 Nf6 3. Nf3 Bg4 4. e4 e6 5. h3 Bh5 6. Qe2 c6 7. g4 Bg6 8. h4 h5
9. g5 Nfd7 10. Bh3 Qa5 11. d5 e5 12. Nd2 Qa6 13. Qf3 Be7 14. Nb3 Qb6 15. Be3 Qc7
16. O-O-O a6 17. dxc6 bxc6 18. Bf5 Nb6 19. Qh3 N8d7 20. Bxb6 1-0

[Event "Reykjavik Open 2016"]
[Site "Reykjavik ISL"]
[Date "2016.03.13"]
[Round "7.8"]
[White "Andersen, Mads"]
[Black "Sargissian, Gabriel"]
[Result "1/2-1/2"]
[WhiteTitle "IM"]
[BlackTitle "GM"]
[WhiteElo "2479"]
[BlackElo "2702"]
[WhiteFideId "1413864"]
[BlackFideId "13300881"]
[EventDate "2016.03.08"]

1. d4 Nf6 2. c4 e6 3. Nf3 b6 4. g3 Ba6 5. Qb3 Nc6 6. Nbd2 Na5 7. Qc3 Bb7 8. b4
Nc6 9. a3 d5 10. Bb2 g6 11. Bg2 Bg7 12. O-O O-O 13. Rfd1 Rc8 14. Rac1 Ne7 15.
Qb3 dxc4 16. Nxc4 Bd5 17. Qa4 a5 18. Ne3 axb4 19. Nxd5 exd5 20. axb4 Ne4 21. Ne5
Qe8 22. b5 Nd6 23. Ba3 Ra8 24. Qb3 Rxa3 25. Qxa3 Nxb5 26. Qa4 c5 27. e3 cxd4 28.
exd4 Nf5 29. Bxd5 Nfxd4 30. Rxd4 Qxe5 31. Rd3 Nd4 32. Bf3 b5 33. Qd1 Rb8 34. Kg2
Bf6 35. Rdc3 b4 36. Rc5 Qd6 37. Rc8+ Rxc8 38. Rxc8+ Kg7 39. Rc6 Qd8 40. Rc4 Qb6
41. Be4 b3 42. Qd2 Qd6 43. Rb4 Qe5 44. Qe3 b2 45. Rb7 Nb5 46. Bb1 Qxe3 47. fxe3
Nd6 48. Rb4 Bc3 49. Rb3 Be5 50. Bd3 h5 51. h4 Kf6 52. Kf3 Ke6 53. g4 hxg4+ 54.
Kxg4 Kd5 55. h5 gxh5+ 56. Kxh5 Ne4 57. Rb5+ Nc5 58. Kg4 Kc6 59. Rxc5+ Kxc5 60.
Kf3 Kb4 61. Ke2 Kc3 62. Bb1 Kb3 63. e4 Kc3 64. Bd3 Kb3 65. Bb1 1/2-1/2

[Event "Reykjavik Open 2016"]
[Site "Reykjavik ISL"]
[Date "2016.03.13"]
[Round "7.9"]
[White "Kristjansson, Stefan"]
[Black "Melkumyan, Hrant"]
[Result "1/2-1/2"]
[WhiteTitle "GM"]
[BlackTitle "GM"]
[WhiteElo "2478"]
[BlackElo "2653"]
[WhiteFideId "2301172"]
[BlackFideId "13302485"]
[EventDate "2016.03.08"]

1. e4 c6 2. d4 d5 3. Nc3 dxe4 4. Nxe4 Bf5 5. Ng3 Bg6 6. Nh3 Nd7 7. Nf4 Ngf6 8.
Bc4 e6 9. h4 Bd6 10. h5 Be4 11. Nxe4 Nxe4 12. Qf3 Ng5 13. Qg4 h6 14. Nh3 Nf6 15.
Qe2 Nge4 16. O-O Qa5 17. Re1 O-O-O 18. c3 Bb8 19. b4 Qc7 20. Bf4 Qe7 21. Qf3
Bxf4 22. Nxf4 Ng5 23. Qe2 Qc7 24. Nd3 Nge4 25. Rac1 Kb8 26. Ne5 Nd6 27. Bd3 Nd7
28. f4 Nf6 29. Qf3 Rhe8 30. a4 Nd5 31. Re2 Nf5 32. Bc4 Ka8 33. a5 a6 34. g3 Nd6
35. Bd3 Nb5 36. Be4 f5 37. Bb1 Ndxc3 38. Rxc3 Nxd4 39. Qf2 Nxe2+ 40. Qxe2 Qd6
41. Rb3 Qd1+ 42. Qxd1 Rxd1+ 43. Kf2 Red8 44. Bd3 Rc1 45. Be2 Ka7 46. Re3 Rd4 47.
Nd3 Rc2 48. Nc5 Rxb4 49. Nxe6 b6 50. axb6+ Kxb6 51. Nxg7 a5 52. Nxf5 a4 53. Ra3
Ka5 54. Ne3 Rcb2 55. Rc3 R4b3 56. Rxc6 a3 57. Nc4+ Kb5 58. Rb6+ Kc5 59. Rxh6
Rxe2+ 60. Kxe2 Kxc4 61. g4 a2 62. Ra6 Rh3 63. g5 Rxh5 64. Kf3 Kb3 65. Ke4 Rh1
66. g6 a1=Q 67. Rxa1 Rxa1 68. f5 Rg1 69. Ke5 Kc4 70. Kf6 Kd5 71. Kg7 Ke5 72. f6
Kf5 73. f7 Rxg6+ 74. Kh7 Rf6 75. Kg7 Rxf7+ 76. Kxf7 1/2-1/2

[Event "Reykjavik Open 2016"]
[Site "Reykjavik ISL"]
[Date "2016.03.13"]
[Round "7.10"]
[White "Grandelius, Nils"]
[Black "Lampert, Jonas"]
[Result "1-0"]
[WhiteTitle "GM"]
[BlackTitle "IM"]
[WhiteElo "2646"]
[BlackElo "2472"]
[WhiteFideId "1710400"]
[BlackFideId "1303759"]
[EventDate "2016.03.08"]

1. Nf3 d5 2. e3 Nf6 3. c4 e6 4. b3 Be7 5. Bb2 O-O 6. g3 c5 7. Bg2 Nc6 8. O-O d4
9. exd4 cxd4 10. Re1 Re8 11. d3 h6 12. Nbd2 Bc5 13. a3 a5 14. Ne5 Nxe5 15. Rxe5
Qc7 16. Qe1 Rb8 17. Nf3 Qb6 18. Rb1 Nd7 19. Re4 Nf6 20. Re2 Qxb3 21. Bxd4 Qxa3
22. Ra1 Qb4 23. Bc3 Qb6 24. Bxa5 Qd6 25. d4 Bb6 26. c5 Bxa5 27. Qxa5 b6 28. Qa7
bxc5 29. dxc5 Qd3 30. Qxf7+ Kh8 31. Ree1 Qb5 32. Rac1 e5 33. Nxe5 Qb2 34. Nd3
Rxe1+ 35. Rxe1 Qc3 36. Re8+ Kh7 37. Be4+ Nxe4 38. Qg8+ Kg6 39. Ne5+ Qxe5 40.
Rxe5 Ng5 41. Qe8+ Kh7 42. Rxg5 hxg5 43. c6 Rb1+ 44. Kg2 Bf5 45. c7 Rc1 46. Qh5+
Kg8 47. Qxg5 1-0

[Event "Reykjavik Open 2016"]
[Site "Reykjavik ISL"]
[Date "2016.03.13"]
[Round "7.11"]
[White "Marin, Mihail"]
[Black "Tan, Justin2"]
[Result "1/2-1/2"]
[WhiteTitle "GM"]
[BlackTitle "IM"]
[WhiteElo "2597"]
[BlackElo "2441"]
[WhiteFideId "1200020"]
[BlackFideId "3206882"]
[EventDate "2016.03.08"]

1. Nf3 c5 2. g3 Nc6 3. d4 cxd4 4. Nxd4 Nf6 5. Bg2 e6 6. O-O Bc5 7. Nxc6 bxc6 8.
c4 O-O 9. Qc2 Qe7 10. Nc3 d5 11. b3 Bb7 12. Bb2 Rfd8 13. Na4 Bd6 14. Rad1 Rac8
15. e3 Ba6 16. Rfe1 Bb4 17. Bc3 c5 18. Nb2 dxc4 19. bxc4 Bxc3 20. Qxc3 Bb7 21.
Nd3 Bxg2 22. Kxg2 Ne4 23. Qc2 h6 24. f3 Nd6 25. e4 Nb7 26. Nc1 Qc7 27. Rxd8+
Rxd8 28. Rd1 Rxd1 29. Qxd1 Qd6 30. Qxd6 Nxd6 31. Nd3 Nxc4 32. Nxc5 1/2-1/2

[Event "Reykjavik Open 2016"]
[Site "Reykjavik ISL"]
[Date "2016.03.13"]
[Round "7.12"]
[White "Grigoriants, Sergey"]
[Black "Esserman, Marc"]
[Result "1-0"]
[WhiteTitle "GM"]
[BlackTitle "IM"]
[WhiteElo "2587"]
[BlackElo "2458"]
[WhiteFideId "4130804"]
[BlackFideId "2018616"]
[EventDate "2016.03.08"]

1. c4 c6 2. d4 d5 3. Nf3 Nf6 4. e3 e6 5. Bd3 Nbd7 6. b3 Bd6 7. Bb2 O-O 8. Nc3
Re8 9. h3 e5 10. dxe5 Nxe5 11. cxd5 cxd5 12. Be2 a6 13. O-O Bc7 14. Qd4 Qd6 15.
Nxe5 Rxe5 16. Qf4 Qe7 17. Qh4 Qd6 18. Qg3 Qe7 19. f4 Rxe3 20. Nxd5 Rxg3 21.
Nxe7+ Kf8 22. Ba3 Ke8 23. Nxc8 Rxc8 24. Bf3 Bxf4 25. Rfe1+ Kd8 26. Rad1+ Nd7 27.
Re7 Rc7 28. Rxf7 1-0

[Event "Reykjavik Open 2016"]
[Site "Reykjavik ISL"]
[Date "2016.03.13"]
[Round "7.13"]
[White "Sarkar, Justin"]
[Black "Dvirnyy, Danyyil"]
[Result "1-0"]
[WhiteTitle "IM"]
[BlackTitle "GM"]
[WhiteElo "2426"]
[BlackElo "2572"]
[WhiteFideId "2010011"]
[BlackFideId "817570"]
[EventDate "2016.03.08"]

1. e4 c6 2. d4 d5 3. e5 Bf5 4. Nf3 e6 5. Be2 h6 6. O-O Ne7 7. Nbd2 Nd7 8. Nb3
Bh7 9. Bd2 Ng6 10. g3 Be7 11. h4 O-O 12. h5 Nh8 13. c4 f6 14. cxd5 exd5 15. e6
Nb8 16. Nh4 f5 17. Ng2 Rf6 18. Nf4 g5 19. hxg6 Nxg6 20. Bh5 Na6 21. Bxg6 Bxg6
22. Nxg6 Rxg6 23. Qh5 Rf6 24. Bxh6 Qe8 25. Qh3 Rxe6 26. Bf4 Qg6 27. Rae1 Re8 28.
Rxe6 Qxe6 29. Be5 Qg6 30. Kg2 Bf6 31. Rh1 Re7 32. f4 Nc7 33. Qh5 Kf7 34. Qh7+
Bg7 35. Nc5 Qxh7 36. Rxh7 Kg6 37. Rxg7+ Rxg7 38. Bxg7 Kxg7 39. Nxb7 Ne6 40. Kf2
Nxd4 41. Nc5 Kf6 42. Ke3 Nb5 43. a4 Nd6 44. b4 Ne4 45. Nb3 a6 46. a5 Nxg3 47.
Nd4 c5 48. b5 cxd4+ 49. Kxd4 Ne4 50. bxa6 Nd6 51. Kxd5 Ke7 52. Kc6 Nc8 53. Kb7 1-0

[Event "Reykjavik Open 2016"]
[Site "Reykjavik ISL"]
[Date "2016.03.13"]
[Round "7.14"]
[White "Thorfinnsson, Bragi"]
[Black "Gretarsson, Hjorvar Steinn"]
[Result "1/2-1/2"]
[WhiteTitle "IM"]
[BlackTitle "GM"]
[WhiteElo "2419"]
[BlackElo "2572"]
[WhiteFideId "2300958"]
[BlackFideId "2302241"]
[EventDate "2016.03.08"]

1. d4 Nf6 2. c4 e6 3. Nf3 b6 4. g3 Bb7 5. Bg2 Be7 6. O-O O-O 7. Re1 Na6 8. a3 d5
9. cxd5 exd5 10. Bf4 c5 11. Nc3 Nc7 12. Qc2 Ne6 13. Rad1 Nxf4 14. gxf4 Qc7 15.
e3 Rad8 16. dxc5 bxc5 17. Ne2 Rfe8 18. Ng3 Bf8 19. Rd2 a5 20. Red1 Rc8 21. Qf5
Qb6 22. Ne5 g6 23. Nd7 Nxd7 24. Qxd7 Rcd8 25. Qa4 Bc6 26. Qc2 Qb7 27. Ne4 Bg7
28. Nxc5 Qb6 29. Bxd5 Bxd5 30. Rxd5 Rc8 31. Qa4 Qxb2 32. R1d2 Qb6 33. h3 h5 34.
Kh2 Re7 35. Nb3 Rc3 36. Nd4 Rc1 37. Nf3 Bf6 38. Qb5 Qxb5 39. Rxb5 Kg7 40. Ne5 a4
41. Ra5 g5 42. Rxa4 gxf4 43. exf4 Bxe5 44. fxe5 Rxe5 45. Rf4 Rc7 46. a4 Ra5 47.
Rd3 Rca7 48. Ra3 Rg5 49. Rg3 Rxg3 50. Kxg3 Kg6 51. Rc4 Ra5 52. Rb4 f6 53. Kf4
Kf7 54. Ke4 Ke6 55. f4 Kd6 56. Rb6+ Ke7 57. Rb7+ Kd6 58. Rb6+ Ke7 59. Rb4 Kd6
60. Rc4 f5+ 61. Kf3 h4 62. Ke3 Kd5 63. Rb4 Kd6 64. Rb6+ Kc7 65. Rh6 Rxa4 66.
Rxh4 Kd6 67. Rh8 Ra3+ 68. Kf2 Ke6 69. Kg2 Kf6 70. Rh6+ Kg7 71. Rd6 Rb3 72. Rc6 1/2-1/2

[Event "Reykjavik Open 2016"]
[Site "Reykjavik ISL"]
[Date "2016.03.13"]
[Round "7.15"]
[White "Brunello, Sabino"]
[Black "Antal, Tibor Kende"]
[Result "1/2-1/2"]
[WhiteTitle "GM"]
[BlackTitle "FM"]
[WhiteElo "2567"]
[BlackElo "2406"]
[WhiteFideId "813613"]
[BlackFideId "738581"]
[EventDate "2016.03.08"]

1. d4 d5 2. c4 c6 3. Nf3 Nf6 4. Nbd2 Bf5 5. Nh4 Be6 6. e3 g6 7. b3 Bg7 8. Bd3 c5
9. Nhf3 Nc6 10. Bb2 O-O 11. dxc5 Nb4 12. Be2 Bf5 13. O-O Bc2 14. Qc1 Bd3 15. Qd1
Bc2 16. Qc1 Bd3 17. Qd1 1/2-1/2

[Event "Reykjavik Open 2016"]
[Site "Reykjavik ISL"]
[Date "2016.03.13"]
[Round "7.16"]
[White "Rambaldi, Francesco"]
[Black "Koop, Thorben"]
[Result "1/2-1/2"]
[WhiteTitle "GM"]
[BlackTitle "IM"]
[WhiteElo "2541"]
[BlackElo "2416"]
[WhiteFideId "20657307"]
[BlackFideId "24661619"]
[EventDate "2016.03.08"]

1. d4 Nf6 2. c4 g6 3. Nf3 Bg7 4. e3 O-O 5. Be2 c6 6. O-O d5 7. Nbd2 Nbd7 8. b3
Ne4 9. Bb2 Qa5 10. Qc2 Ndf6 11. Nxe4 Nxe4 12. Bd3 Nd6 13. c5 Ne8 14. b4 Qc7 15.
a4 Nf6 16. b5 Nd7 17. Rfb1 Re8 18. a5 a6 19. bxc6 bxc6 20. h3 Rb8 21. Qe2 e5 22.
Nxe5 Bxe5 23. dxe5 Nxc5 24. Bc3 Nxd3 25. Qxd3 Bf5 26. Rxb8 Rxb8 27. Qxa6 Rb3 28.
Bd4 Bc8 29. Qa8 Rb8 30. Qa7 Qxa7 31. Bxa7 Ra8 32. Bb6 Ba6 33. g4 Kf8 34. f4 Ke7
35. Kf2 Ke6 36. Rg1 Bd3 37. Ke1 Rh8 38. Kd2 Bb5 39. Ra1 Ba6 40. Rc1 Rc8 41. Kc3
c5 42. Kd2 Bc4 43. e4 g5 44. exd5+ Bxd5 45. fxg5 Kxe5 46. Rf1 Ke4 47. Kc3 Rc6
48. Rf2 Ke3 49. Rf6 Rxf6 50. gxf6 Kf4 51. a6 Kg5 52. Bxc5 Kxf6 53. Kd4 Ke6 54.
Bb4 Bg2 55. Ke3 Kd7 56. a7 Kc8 57. Kf2 Bd5 58. g5 Kb7 59. Bc5 Be4 60. Ke3 Bf5
61. h4 Bg6 62. Kd4 Bb1 63. Ke5 Bc2 64. Bg1 Bb1 65. Bf2 Bc2 66. Be3 Bb1 67. Kf6
Bc2 68. Kxf7 Bb1 69. Kg7 Bc2 70. Bd4 Bb1 71. Be3 Bc2 72. h5 Bb1 73. g6 Bxg6 74.
hxg6 hxg6 75. Kxg6 Ka8 76. Kf6 Kb7 77. Ke7 Ka8 78. Ke8 Kb7 79. Kd7 Ka8 80. Kc8 1/2-1/2

[Event "Reykjavik Open 2016"]
[Site "Reykjavik ISL"]
[Date "2016.03.13"]
[Round "7.17"]
[White "Hedman, Erik"]
[Black "Stefansson, Hannes"]
[Result "1/2-1/2"]
[WhiteTitle "FM"]
[BlackTitle "GM"]
[WhiteElo "2349"]
[BlackElo "2600"]
[WhiteFideId "1702351"]
[BlackFideId "2300087"]
[EventDate "2016.03.08"]

1. d4 Nf6 2. c4 e6 3. Nf3 Bb4+ 4. Nbd2 O-O 5. a3 Be7 6. e4 d6 7. Bd3 Nbd7 8. O-O
e5 9. b3 Re8 10. Bb2 Bf8 11. Re1 g6 12. Bf1 Bg7 13. Qc2 b6 14. Rad1 Bb7 15. dxe5
dxe5 16. c5 Nxc5 17. Nxe5 Qc8 18. b4 Ncd7 19. Ndf3 Nxe5 20. Nxe5 Re7 21. Nc6
Bxc6 22. Qxc6 Re6 23. Qc2 Nd7 24. Bc4 Re7 25. Bxg7 Kxg7 26. Qc3+ Kg8 27. Bd5 Rb8
28. Bc6 Ne5 29. f4 Nxc6 30. Qxc6 Qe8 31. Rc1 Qxc6 32. Rxc6 Rd8 33. Kf2 Rd2+ 34.
Kf3 Red7 35. Re2 Rd1 36. g3 h5 37. e5 R1d3+ 38. Re3 Kf8 39. Rxd3 Rxd3+ 40. Ke4
Rxa3 41. Rxc7 Ra4 42. e6 Rxb4+ 43. Ke5 Rb5+ 44. Kd6 fxe6 45. Rxa7 Rf5 1/2-1/2

[Event "Reykjavik Open 2016"]
[Site "Reykjavik ISL"]
[Date "2016.03.13"]
[Round "7.18"]
[White "Jackson, James P"]
[Black "Ramirez, Alejandro"]
[Result "1/2-1/2"]
[WhiteTitle "FM"]
[BlackTitle "GM"]
[WhiteElo "2347"]
[BlackElo "2564"]
[WhiteFideId "416860"]
[BlackFideId "6500617"]
[EventDate "2016.03.08"]

1. e4 c5 2. Nf3 e6 3. c3 Nf6 4. e5 Nd5 5. d4 cxd4 6. cxd4 d6 7. a3 Bd7 8. Bd3
Bc6 9. O-O Nd7 10. b4 a6 11. Re1 Rc8 12. Bb2 N7b6 13. Nbd2 Nf4 14. Bc2 dxe5 15.
dxe5 Nd3 16. Bxd3 Qxd3 17. Nd4 Na4 18. Re3 Nxb2 19. Rxd3 Nxd1 20. Rxd1 Bd5 21.
Ne2 Be7 22. Nc3 Bc6 23. Nde4 O-O 24. g3 Rfd8 25. Nd6 Bxd6 26. Rxd6 Rxd6 27. Rxd6
Kf8 28. f4 Ke7 29. Kf2 Bh1 30. Rd3 Rc4 31. Ke3 f6 1/2-1/2

[Event "Reykjavik Open 2016"]
[Site "Reykjavik ISL"]
[Date "2016.03.13"]
[Round "7.19"]
[White "Viana, Dirceu"]
[Black "Tari, Aryan"]
[Result "0-1"]
[WhiteTitle "FM"]
[BlackTitle "IM"]
[WhiteElo "2261"]
[BlackElo "2553"]
[WhiteFideId "2101360"]
[BlackFideId "1510045"]
[EventDate "2016.03.08"]

1. e4 c5 2. d3 Nc6 3. f4 g6 4. Nf3 Bg7 5. Be2 d6 6. O-O e5 7. c3 Nge7 8. Be3
exf4 9. Bxf4 O-O 10. Na3 Ne5 11. Qd2 N7c6 12. Rad1 Be6 13. Nc4 b5 14. Ncxe5 dxe5
15. Bg5 Qd6 16. a3 Rab8 17. b4 a5 18. bxc5 Qxc5+ 19. Be3 Qxa3 20. d4 exd4 21.
cxd4 Bg4 22. d5 Bxf3 23. Rxf3 Ne5 24. Rh3 Nc4 25. Bxc4 bxc4 26. Bd4 Bxd4+ 27.
Qxd4 Rb3 28. Rxb3 cxb3 29. Ra1 Qb4 30. Qxb4 axb4 31. Kf2 Rc8 32. Kf3 b2 33. Rb1
Rc2 34. h4 Kf8 35. g4 Ke7 36. Ke3 Kd6 37. Kd4 Rd2+ 38. Ke3 Rg2 39. Kf4 Kc5 40.
Ke5 Rxg4 41. Rxb2 f6+ 42. Kxf6 Rxe4 43. Rd2 Kd6 44. h5 gxh5 45. Kg7 h4 46. Kxh7
b3 47. Kh6 Rb4 0-1

[Event "Reykjavik Open 2016"]
[Site "Reykjavik ISL"]
[Date "2016.03.13"]
[Round "7.20"]
[White "Einarsson, Halldor Gretar"]
[Black "Di Berardino, Diego Rafael"]
[Result "0-1"]
[WhiteTitle "FM"]
[BlackTitle "IM"]
[WhiteElo "2245"]
[BlackElo "2511"]
[WhiteFideId "2300150"]
[BlackFideId "2105446"]
[EventDate "2016.03.08"]

1. d4 Nf6 2. c4 g6 3. f3 Bg7 4. e4 d6 5. Nc3 a6 6. Be3 c6 7. Qd2 b5 8. b3 Nbd7
9. Nh3 e5 10. d5 cxd5 11. cxd5 Nh5 12. g3 O-O 13. Bg2 f5 14. O-O Ndf6 15. Ng5 f4
16. Bf2 fxg3 17. hxg3 Bh6 18. Kh2 Bxg5 0-1

[Event "Reykjavik Open 2016"]
[Site "Reykjavik ISL"]
[Date "2016.03.13"]
[Round "7.21"]
[White "Haessel, Dale R."]
[Black "Paehtz, Elisabeth"]
[Result "0-1"]
[WhiteTitle "FM"]
[BlackTitle "IM"]
[WhiteElo "2212"]
[BlackElo "2474"]
[WhiteFideId "2012618"]
[BlackFideId "4641833"]
[EventDate "2016.03.08"]

1. d4 Nf6 2. c4 e6 3. Nf3 b6 4. a3 Ba6 5. Qc2 Bb7 6. Nc3 c5 7. e3 Bxf3 8. gxf3
cxd4 9. exd4 d6 10. Bf4 Nh5 11. Be3 Be7 12. f4 Nd7 13. Bd3 g6 14. d5 e5 15. fxe5
Nxe5 16. Be2 Bg5 17. Qe4 f5 18. Qd4 f4 19. Bxh5 fxe3 20. Be2 exf2+ 21. Kxf2 O-O+
22. Kg2 Rf4 23. Ne4 Qd7 24. Rhf1 Rh4 25. Kh1 Qh3 26. Rf2 Be3 0-1

[Event "Reykjavik Open 2016"]
[Site "Reykjavik ISL"]
[Date "2016.03.13"]
[Round "7.22"]
[White "Johannesson, Oliver"]
[Black "Kjartansson, Gudmundur"]
[Result "1/2-1/2"]
[WhiteTitle "FM"]
[BlackTitle "IM"]
[WhiteElo "2177"]
[BlackElo "2446"]
[WhiteFideId "2305623"]
[BlackFideId "2301318"]
[EventDate "2016.03.08"]

1. d4 Nf6 2. c4 e6 3. Nf3 b6 4. g3 Bb7 5. Bg2 Bb4+ 6. Bd2 Bxd2+ 7. Qxd2 O-O 8.
Nc3 d6 9. O-O Nbd7 10. Qc2 Re8 11. e4 e5 12. Rfe1 a5 13. b3 c6 14. Rad1 Qc7 15.
Re2 Ba6 16. Red2 Nf8 17. Qd3 b5 18. cxb5 cxb5 19. dxe5 dxe5 20. Nd5 Nxd5 21.
Qxd5 Bb7 22. Qxb5 Bxe4 23. Re1 Bc6 24. Rc1 Bxb5 25. Rxc7 Ne6 26. Rc1 Rac8 27.
Rxc8 Rxc8 28. h4 Rc1+ 29. Kh2 f6 30. Rd5 Nc7 31. Rd8+ Kf7 32. Nd2 Ke7 33. Rg8
Ne8 34. Be4 Bc6 35. Bxc6 Rxc6 36. Nc4 a4 37. Rh8 h6 38. g4 Rc5 39. g5 hxg5 40.
hxg5 fxg5 41. Rh3 Nf6 42. Rc3 axb3 43. axb3 Ke6 44. Rd3 g4 45. Ne3 Rb5 46. Rc3
Rb4 47. Rc6+ Kf7 48. Rc4 g3+ 49. Kxg3 Rxb3 50. Kg2 Nh5 51. Rc7+ Kf6 52. Rc6+ Kg5
53. Rc5 Nf4+ 54. Kg3 Kf6 55. Rc6+ Ne6 56. Kg2 e4 57. Rc4 Ke5 58. Ra4 Nf4+ 59.
Kg3 Nd5 60. Ra5 Ke6 61. Ra4 Ke5 62. Ra5 Rd3 63. Kg2 Ke6 64. Ra6+ Kf7 65. Nxd5
Rxd5 66. Ra4 Rg5+ 67. Kh3 Re5 68. Kg4 Kf6 69. Kf4 Rf5+ 70. Kg4 Re5 71. Kf4 g5+
72. Ke3 Kf5 73. Ra8 Re7 74. Ra5+ Re5 75. Ra8 g4 76. Rf8+ Kg5 77. Rg8+ Kf5 78.
Rf8+ Kg5 79. Rg8+ Kf5 1/2-1/2